000 00703nam a22002297a 4500
003 UA-OsUOA
001 89616
007 ta
008 20121107b un ||||| |||| 00| 0 ukr d
090 _a81(092)(082)
_bУ11
942 _cBK
040 _aUA-OsUOA
_bukr
_cUA-OsUOA
_dUA-OsUOA
245 _aУ силовому полі мови
_bІнні Петрівні Чепізі
_cупор.. Воронич Г. В.
300 _a216 с.
955 _a2
041 _aukr
080 _a81(092)(082)
020 _a9789-966-1673-09-9
260 _aК.
_bКММ
_c2011
650 7 _a8 Мовознавство. Художня література. Літературознавство
_2UDC
999 _c375918
_d375918